Généraux Franc-Comtois de la guerre de dix ans - Statistiques

Statistiques générales
  • Ce quiz a été pris 5 fois
  • Le résultat moyen est 3 sur 10
Statistiques - réponses
Nom % Correct
Lacuzon
100%
Louis de la Verne
75%
Gérard de Watteville
50%
Jean-Baptiste de la Baume Montrevel
50%
Jean Boyvin
25%
Philippe-François de Bussolin
25%
César du Saix d'Arnans
0%
Ferdinand de Rye
0%
Henry de Champagne
0%
Jean Girardot de Nozeroy
0%
Aucun quiz correspondant
Distribution des résultats
% des personnes avec chaque résultat
Percentile par nombre de réponses
Votre historique - résultats
Vous n’avez pas pris ce quiz